F1 Teams With The Most One-Two's - Statistics

General Stats
  • This quiz has been taken 111 times
  • The average score is 13 of 22
Answer Stats
Team One-Two's % Correct
1 Ferrari 85
99%
3 McLaren 48
99%
2 Mercedes 58
98%
5 Red Bull 20
94%
4 Williams 33
93%
6 Lotus 8
82%
17 Renault 2
77%
18 Benetton 2
67%
7 Brabham 8
64%
11 Alfa Romeo 4
56%
10 BRM 5
56%
8 Tyrrell 8
56%
22 Jordan 1
52%
9 Cooper 6
51%
23 BMW Sauber 1
49%
16 Matra 2
48%
19 Maserati 1
39%
12 Brawn GP 4
36%
20 Ligier 1
36%
13 Kurtis Kraft 3
7%
14 Epperly 2
4%
15 Watson 2
4%
No matching quizzes found
Score Distribution
Percent of People with Each Score
Percentile by Number Answered
Your Score History
You have not taken this quiz